000 00887cam a2200217 4500
001 ABS68650
008 050126n2004 000 0 eng u
035 _a(Sirsi) u128626
100 _aSydenham, A.
245 _aTenancy Regulatory Reform Order - succession tenancies, part II
260 _c2004
490 _aEMIS Property Services
_v2(12) December 2004, 10-11(2)
520 _aSecond part of a two-part series (see also Abs68649) examining government proposals relating to succession tenancies under the Agricultural Holdings Act 1986. This final part explores the proposed simplification of the procedure for succession on retirement.
590 _aABS
590 _aABS
650 _aAGRICULTURAL HOLDINGS ACT 1986
650 _aSUCCESSION TENANCIES
650 _aAGRICULTURAL TENANCIES ACT 1995
690 _aLANDLORD AND TENANT-AGRICULTURAL TENANCIES
942 _n0
999 _c118491
_d118491